000 00313nam a2200133Ia 4500
005 20260328104324.0
008 260328s9999||||xx |||||||||||||| ||und||
100 _aPaolini, Ramón
245 0 _aCucurumbé /
_cRamón Paolini
260 _bCaribe Somos
300 _a126 p.
650 _aFOTOGRAFÍA
942 _cBK
999 _c11437
_d11437